<?xml version="1.0" encoding="UTF-8"?>
<marc:record xmlns:marc="http://www.loc.gov/MARC21/slim">
   <marc:leader>00000nam a2200000 a 4500</marc:leader>
   <marc:datafield ind1="1" ind2=" " tag="100">
      <marc:subfield code="a">Montague, Emily</marc:subfield>
   </marc:datafield>
   <marc:datafield ind1="1" ind2=" " tag="100">
      <marc:subfield code="a">Temple, Lew</marc:subfield>
   </marc:datafield>
   <marc:datafield ind1="1" ind2=" " tag="100">
      <marc:subfield code="a">Hernandez, Callie</marc:subfield>
   </marc:datafield>
   <marc:datafield ind1="0" ind2="0" tag="245">
      <marc:subfield code="a">The Endless</marc:subfield>
   </marc:datafield>
   <marc:datafield ind1="0" ind2="0" tag="245">
      <marc:subfield code="c">Darsteller: Callie Hernandez, Lew Temple, Emily Montague</marc:subfield>
   </marc:datafield>
   <marc:datafield ind1=" " ind2="1" tag="264">
      <marc:subfield code="b">Meteorfilm</marc:subfield>
      <marc:subfield code="c">2018</marc:subfield>
   </marc:datafield>
   <marc:datafield ind1="1" ind2=" " tag="520">
      <marc:subfield code="a">Zehn Jahre sind vergangen, seit die Brüder Aaron und Justin den Klauen des religiösen Kults entkommen sind, in dem sie einst aufwuchsen. Doch nun taucht ein Videoband in ihrer Post auf, dessen Botschaft die Vergangenheit wieder auferstehen lässt und nur kurze Zeit später finden sich Aaron und Justin wieder auf dem Weg in die kärglich-mysteriöse Abgeschiedenheit ihrer einstigen Heimat im südkalifornischen Hinterland. Bei ihrer Ankunft werden sie unvermutet herzlich empfangen; doch schon wenig später mehren sich die Vorzeichen, dass an diesem Ort, an dem die Zeit scheinbar spurlos vorüberzog, so einiges ganz und gar nicht in Ordnung ist: Keiner scheint gealtert, Vögel fliegen in seltsamen Formationen und bizarre Hügel markieren ein unwirkliches Territorium. Als die Ereignisse sich zuspitzen, müssen Aaron und Justin erkennen, dass die Wahrheit selbst ihre kühnsten Vorstellungen bei weitem übertrifft...</marc:subfield>
   </marc:datafield>
   <marc:datafield ind1=" " ind2=" " tag="020">
      <marc:subfield code="a">4042564187281</marc:subfield>
      <marc:subfield code="9">4042564187281</marc:subfield>
   </marc:datafield>
   <marc:datafield ind1=" " ind2=" " tag="500">
      <marc:subfield code="a">ab 16 Jahren</marc:subfield>
   </marc:datafield>
   <marc:datafield ind1="0" ind2=" " tag="490">
      <marc:subfield code="v">0</marc:subfield>
   </marc:datafield>
   <marc:datafield ind1=" " ind2=" " tag="300">
      <marc:subfield code="a">ca. 107 Min.</marc:subfield>
   </marc:datafield>
</marc:record>
